| 000 | 00856nam0a22002651 4500 | ||
|---|---|---|---|
| 001 | rc\4399859 | ||
| 005 | 20250611170009.0 | ||
| 021 |
_aRU _b[67-90168] |
||
| 035 | _a(NLR Aleph) 008297963 | ||
| 090 |
_a8617697 _c8617697 |
||
| 100 | _a20130416d1967 |||y0rusy50 ca | ||
| 101 | 1 |
_arus _ctuk |
|
| 102 | _aRU | ||
| 105 | _aa z |||a| | ||
| 200 | 1 |
_aСледы в пустыне _a[Компромисса не будет] _eПовести _fАвториз. пер. с туркм. А. Зырина |
|
| 210 |
_a[Москва _cМол. гвардия _d1967 |
||
| 215 |
_a253 с. _cил. _d17 |
||
| 225 | 1 | _a[Молодые писатели] | |
| 700 | 1 |
_aДжумагельдиев _bТ. _f1938- _gТиркиш |
|
| 702 | 1 |
_aЗырин _bА. _4730 |
|
| 801 | 0 |
_aRU _bNLR _gpsbo |
|
| 801 | 1 |
_aRU _bELAR _2rusmarc |
|
| 852 |
_aNLR _j67-2/3147 |
||
| 942 | _cBOOK | ||
| 980 | _aNB | ||